Juan Moreira (1886) (Record no. 170630)

MARC details
000 -LEADER
campo de control de longitud fija 01095nam a2200229 i 4500
001 - NÚMERO DE CONTROL
campo de control 170630
003 - IDENTIFICADOR DE NÚMERO DE CONTROL
campo de control ES-MaACL
005 - FECHA Y HORA DE LA ÚLTIMA TRANSACCIÓN
campo de control 20251201140302.0
008 - DATOS DE LONGITUD FIJA--INFORMACIÓN GENERAL
campo de control de longitud fija 090325s1935 ag |||| | spa d
080 ## - NÚMERO DE LA CLASIFICACIÓN DECIMAL UNIVERSAL
Número de la Clasificación Decimal Universal 821.134.2 (82)-2"18"
100 1# - ENTRADA PRINCIPAL--NOMBRE DE PERSONA
Nombre de persona Gutiérrez, Eduardo,
Fechas asociadas al nombre 1851-1889
9 (RLIN) 152235
245 10 - MENCIÓN DEL TÍTULO
Título Juan Moreira (1886)
Resto del título : drama /
Mención de responsabilidad, etc. por Gutiérrez-Podesta ; [noticia de Carlos Vega].
260 ## - PUBLICACIÓN, DISTRIBUCIÓN, ETC.
Lugar de publicación, distribución, etc. Buenos Aires :
Nombre del editor, distribuidor, etc. [s.n.],
Fecha de publicación, distribución, etc. 1935 (
Fabricante Imp. de la Universidad)
300 ## - DESCRIPCIÓN FÍSICA
Extensión 3 h., 58 p. ;
Dimensiones 23 cm.
490 1# - MENCIÓN DE SERIE
Mención de serie Sección de documentos. Primera serie. T. VI: teatro en prosa / Facultad de Filosofía y Letras de la Iniversidad de Buenos Aires, Instituto de Literatura Argentina ;
Designación de volumen o secuencia 1
700 1# - ENTRADA AGREGADA--NOMBRE PERSONAL
Nombre de persona Podestá, José J.,
Fechas asociadas al nombre 1858-
9 (RLIN) 152236
700 0# - ENTRADA AGREGADA--NOMBRE PERSONAL
Nombre de persona Vega, Carlos,
Fechas asociadas al nombre 1898-1966
9 (RLIN) 113538
710 2# - ENTRADA AGREGADA--NOMBRE DE ENTIDAD CORPORATIVA
Nombre de entidad corporativa o nombre de jurisdicción como elemento de entrada Universidad de Buenos Aires.
Unidad subordinada Instituto de Literatura Argentina.
9 (RLIN) 139614
830 00 - PUNTO DE ACCESO ADICIONAL DE SERIE-TÍTULO UNIFORME
Título uniforme Sección de documentos.
Nombre de parte o sección de la obra Primera serie.
-- Teatro en prosa (Instituto de Literatura Argentina)
Designación de volumen o secuencia 1
9 (RLIN) 188942
852 ## - LOCALIZACIÓN
Ubicación ES-MaACL
Número de control de estantería C-6631(4)
Nota libre - Enc. en un vol. facticio
Holdings
Estatus retirado Estado de pérdida Estado de daño No para préstamo Biblioteca de origen Biblioteca actual Ubicación en estantería Fecha de adquisición Fuente de adquisición Total de préstamos Signatura topográfica completa Código de barras Visto por última vez Precio de reemplazo Tipo de ítem Koha
        Biblioteca del Ateneo de Madrid Biblioteca del Ateneo de Madrid Sala Palomar 25/03/2009     C-6631(4) 1179066 23/02/2023 23/02/2023 Libro impreso